000 00796nam a2200217Ia 4500
003 OSt
005 20250131110606.0
008 210719s2007 xx 000 0 und d
040 _cAL
041 _aKannada
082 _aK894.109 KULD
100 _aKULYADI MADHAVA PAI
_dಕುಲ್ಯಾ ಡಿ ಮಾಧವ ಪೈ
_9196568
245 _aDivijiyavara kaggokti sampada V 2 Artha vivaraneyondige
_b ಡಿವಿಜಿಯವರ ಕಗ್ಗೋಕ್ತಿ ಸಂಪದ V2 ಅರ್ಥ ವಿವರಣೆಯೊಂದಿಗೆ
260 _aMangalore
_c2007
300 _bPB
365 _b125
_cRs
650 _aKannada literature
_9196569
650 _aKannada Poetry Criticism
_9196570
906 _aArtha ; Divijiyavara ; II ; kaggokti ; sampada ; V ; vivaraneyondige
942 _2ddc
_cBK
999 _c214636
_d214636